000 00342nam a2200133Ia 4500
008 150201s2006 xx 000 0 und d
082 _a616.0757
_bD06B
100 _aBERRY,MANORAMA
245 _aDIAGNOSTIC RADIOLOGY NEUROLOGY
250 _a2ND
260 _bJAYPEE BROTHERS
_aDELHI
_c2006
650 _aRADIOLOGY & DIAGNOSIS
942 _2ddc
_cBK
999 _c1043
_d1043